Criminología: estudio sobre el delito y la teoría de la represión (Registro nro. 4347)

Detalles MARC
000 -Cabecera
Campo de control de longitud fija 00787aam a2200301 4500
005 - Fecha y hora de la última transacción
Campo de control 20260217163854.0
008 - Elementos de longitud fija--Información general
Campo de control de longitud fija 150408b2005 xxu||||| |||| 00| 0 spa d
020 ## - International Standard Book Number
Número Internacional Estándar del Libro (ISBN) 9974578558
041 ## - Idioma
Código de idioma Español
082 ## - Clasificación Decimal Dewey
Número de clasificación 364 G237c
100 ## - Entrada principal--Autor personal
Nombre personal Garofalo, Raffaele
9 (RLIN) 32223
245 ## - Título propiamente dicho
Título Criminología: estudio sobre el delito y la teoría de la represión
260 ## - Pie de imprenta
Lugar de publicación, distribución, etc. Argentina
260 ## - Pie de imprenta
Nombre del editor, distribuidor, etc. Editorial B de F
260 ## - Pie de imprenta
Fecha de publicación, distribución, etc. 2005
300 ## - Descripción física
Extensión 346 páginas
490 ## - Serie
Título de la Serie Investigación Criminal
650 ## - Materia general
Temática (materia general) CRIMINOLOGÍA
650 ## - Materia general
Temática (materia general) DELITO
650 ## - Materia general
Temática (materia general) DELITO NATURAL
650 ## - Materia general
Temática (materia general) CRIMINALIDAD
650 ## - Materia general
Temática (materia general) TIPOS DE CRIMINALES
650 ## - Materia general
Temática (materia general) INSTINTOS CRIMINALES
650 ## - Materia general
Temática (materia general) REPRESIÓN
650 ## - Materia general
Temática (materia general) PENALIDAD
650 ## - Materia general
Temática (materia general) PSICOLOGÍA CRIMINAL
942 ## - Punto de acceso adicional KOHA
Tipo de ítem KOHA Libro
Fuente del sistema de clasificación o colocación Dewey Decimal Classification
Existencias
Signatura completa Código de barras Programa Académico Tipo de ítem
364 G237c 13339 Investigación Criminal Libro